Our living language

Gorde:
Xehetasun bibliografikoak
Egile nagusia: Hunt, Kellogg W. et al
Formatua: Liburua
Hizkuntza:Undetermined
Argitaratua: New York, Estados Unidos Houghton Mifflin 1961
Gaiak:
Etiketak: Etiketa erantsi
Etiketarik gabe, Izan zaitez lehena erregistro honi etiketa jartzen!

MARC

LEADER 00000nam a2200000Ia 4500
008 170316s9999 xx 000 0 und d
090 |a 410 H-20o 
100 |a Hunt, Kellogg W. et al. 
245 |a Our living language 
260 |a New York, Estados Unidos 
260 |b Houghton Mifflin 
260 |c 1961 
300 |a 631 páginas 
650 |a LINGÜÍSTICA 
999 |c 18455  |d 18455 
040 |a cru BVZT 
942 |c 15 D  |h 410 H-20o  |2 z